Shock, comprehensive nursing management / (Record no. 3846)

000 -LEADER
fixed length control field 00952pam a2200289 a 4500
003 - CONTROL NUMBER IDENTIFIER
control field OSt
005 - DATE AND TIME OF LATEST TRANSACTION
control field 20220421065226.0
008 - FIXED-LENGTH DATA ELEMENTS--GENERAL INFORMATION
fixed length control field 820219s1983 moua b 001 0 eng
020 ## - INTERNATIONAL STANDARD BOOK NUMBER
International Standard Book Number 0801638275
040 ## - CATALOGING SOURCE
Transcribing agency ALUPE UNIVERSITY
050 00 - LIBRARY OF CONGRESS CALL NUMBER
Classification number RB150
Item number .S485 1983
060 ## - NATIONAL LIBRARY OF MEDICINE CALL NUMBER
Classification number QZ 140 S676
245 00 - TITLE STATEMENT
Title Shock, comprehensive nursing management /
Statement of responsibility, etc. editors, Anne Griffin Perry, Patricia Ann Potter ; co-authors, Linda Niedringhaus, Angela Smith-Collins, Judith L. Myers.
260 ## - PUBLICATION, DISTRIBUTION, ETC.
Place of publication, distribution, etc. St. Louis :
Name of publisher, distributor, etc. Mosby,
Date of publication, distribution, etc. c1983.
300 ## - PHYSICAL DESCRIPTION
Extent xiii, 303 p. :
Other physical details ill. ;
Dimensions 25 cm.
504 ## - BIBLIOGRAPHY, ETC. NOTE
Bibliography, etc. note Includes bibliographies and index.
650 #0 - SUBJECT ADDED ENTRY--TOPICAL TERM
Topical term or geographic name entry element Shock.
650 #0 - SUBJECT ADDED ENTRY--TOPICAL TERM
Topical term or geographic name entry element Shock
General subdivision Nursing.
650 #2 - SUBJECT ADDED ENTRY--TOPICAL TERM
Topical term or geographic name entry element Shock
General subdivision Nursing.
700 1# - ADDED ENTRY--PERSONAL NAME
Personal name Perry, Anne Griffin.
700 1# - ADDED ENTRY--PERSONAL NAME
Personal name Potter, Patricia Ann.
700 1# - ADDED ENTRY--PERSONAL NAME
Personal name Niedringhaus, Linda.
700 2# - ADDED ENTRY--PERSONAL NAME
Personal name Smith-Collins, Angela.
700 1# - ADDED ENTRY--PERSONAL NAME
Personal name Myers, Judith L.
906 ## - LOCAL DATA ELEMENT F, LDF (RLIN)
a 7
b cbc
c orignew
d 1
e ocip
f 19
g y-gencatlg
942 ## - ADDED ENTRY ELEMENTS (KOHA)
Source of classification or shelving scheme
Koha item type Book
Suppress in OPAC MM
Holdings
Withdrawn status Lost status Source of classification or shelving scheme Damaged status Not for loan Permanent Location Current Location Shelving location Date acquired Source of acquisition Total Checkouts Full call number Barcode Date last seen Price effective from Koha item type Public note
          AU LIBRARY AU LIBRARY Open Shelf 21.04.2022 DONATION FROM MOI UNIVERSITY   RB150 .S485 1983 28011981 18.02.2022 18.02.2022 Book MM

Powered by Koha